| 000 | 00468nam a2200193Ia 4500 | ||
|---|---|---|---|
| 005 | 20240823062013.0 | ||
| 008 | 240823s9999||||xx |||||||||||||| ||und|| | ||
| 041 | _aENGLISH | ||
| 082 | _A658.2 N4 | ||
| 100 | _aBhatia B S | ||
| 245 | 0 | _aManagement of Sick Industries | |
| 250 | _a1st | ||
| 260 |
_c1994 _b"Deep and Deep,New Delhi" |
||
| 500 | _aYES | ||
| 650 |
_aManagement _bManagement Studies |
||
| 700 | _a Batra G S (ed) | ||
| 942 | _cBK | ||
| 999 |
_c234866 _d234866 |
||